| 000 | 01000nam a22002537a 4500 | ||
|---|---|---|---|
| 003 | BPGM | ||
| 008 | 260618b2005 mx ||||| |||| 001 0 spa d | ||
| 020 | _a968-7377-97-6 | ||
| 040 | _bspa | ||
| 041 |
_aspa _hspa |
||
| 082 | 0 | 4 |
_2CQ 861 M / _aA457 _bC58 |
| 100 | _aALCOCER, SALVADOR | ||
| 245 | _aCIUDAD CENTRAL | ||
| 260 |
_aQUERETARO _bCONSEJO ESTATAL PARA LA CULTURA Y LAS ARTES _c2005 |
||
| 300 |
_a66 páginas _c15.5 cm x 11 cm |
||
| 336 |
_2rdacontent _atexto _btxt |
||
| 337 |
_2rdamedia _asin mediación _bn |
||
| 338 |
_2rdacarrier _avolumen _bnc |
||
| 505 | _aCIUDAD CENTRAL ES UN LIBRO COMPUESTO POR UNA SERIE DE RELATOS INTERCONECTADOS QUE RETRATAN LA VIDA EN UNA GRAN METRÓPOLIS. NO TIENE UN ÚNICO PROTAGONISTA; EL VERDADERO PERSONAJE PRINCIPAL ES LA PROPIA CIUDAD, LA CUAL ACTÚA COMO UN MONSTRUO QUE ABSORBE Y MOLDEA A SUS HABITANTES. | ||
| 650 | _aLITERATURA Y RETORICA | ||
| 650 | _aLITERATURAS ESPAÑOLAS Y PORTUGUESAS | ||
| 650 | _aPOESIA ESPAÑOLA | ||
| 942 |
_2ddc _cCOLQ |
||
| 999 |
_c68631 _d68631 |
||